Normal view
MARC view
Entry Personal Name
001 - CONTROL NUMBER
- control field: 7178
003 - CONTROL NUMBER IDENTIFIER
- control field: PK-LaUMT
005 - DATE AND TIME OF LATEST TRANSACTION
- control field: 20250910102453.0
008 - FIXED-LENGTH DATA ELEMENTS
- fixed length control field: 250910|| aca||aabn | a|a d
040 ## - CATALOGING SOURCE
- Original cataloging agency: PK-LaUMT
- Transcribing agency: PK-LaUMT
100 ## - HEADING--PERSONAL NAME
- Personal name: Park, K
670 ## - SOURCE DATA FOUND
- Source citation: Work cat.: (PK-LaUMT)138539: Park, K., Park's textbook of preventive and social medicine /, 2024
